Top 10 joueurs sur Fifa (06-10) - Statistiques

Statistiques générales
  • Ce quiz a été pris 358 fois
  • Le résultat moyen est 30 sur 50
Statistiques - réponses
Note Joueur % Correct
94 Ronaldo
100%
91 Ronaldo
100%
91 Ronaldo
100%
89 Ronaldo
100%
90 Messi
97%
90 Messi
97%
95 Ronaldinho
91%
91 Ronaldinho
91%
91 Ronaldinho
91%
92 Henry
85%
90 Henry
85%
90 Henry
85%
90 Kaka
73%
90 Kaka
73%
88 Kaka
73%
93 Eto'o
69%
95 Casillas
68%
89 Casillas
68%
91 Casillas
68%
90 Casillas
68%
95 Buffon
67%
92 Buffon
67%
91 Buffon
67%
90 Buffon
67%
88 Buffon
67%
93 Rooney
64%
92 Rooney
64%
90 Rooney
64%
90 Cannavaro
59%
88 Ribery
57%
88 Ribery
57%
89 Lampard
56%
88 Puyol
53%
88 Puyol
53%
89 Ibrahimovic
52%
88 Ibrahimovic
52%
88 Torres
46%
91 Nesta
39%
90 Nesta
39%
88 Nesta
39%
88 Vidic
37%
90 Terry
30%
90 Terry
30%
94 Adriano
29%
89 Trezeguet
26%
93 Shevchenko
25%
94 Cech
22%
89 Cech
22%
89 Cesar
11%
89 de Noteboom
2%
Aucun quiz correspondant
Distribution des résultats
% des personnes avec chaque résultat
Percentile par nombre de réponses
Votre historique - résultats
Vous n’avez pas pris ce quiz